[Event "IMSA Rapid Men 2019"]
[Site "Hengshui"]
[Date "2019.05.16"]
[Round "9.1"]
[White "Gelfand, Boris"]
[Black "Korobov, Anton"]
[Result "1/2-1/2"]
[WhiteElo "2676"]
[BlackElo "2687"]
[Annotator "TA"]
[PlyCount "118"]
[EventDate "2019.05.14"]
[EventType "rapid"]
[EventCountry "CHN"]
[SourceTitle "playchess.com"]
[Source "ChessBase"]
[SourceQuality "1"]

{[%evp 11,118,27,28,15,27,36,37,32,21,0,19,14,17,1,16,0,8,7,4,14,15,-12,0,-23,-20,-38,-12,-27,-31,-27,-30,-16,0,-20,0,-9,0,-66,-48,-84,-80,-68,-62,-71,-81,-67,-75,-79,-63,-124,-115,-124,-118,-154,-124,-112,-116,-130,-117,-129,-121,-193,-202,-196,-95,-106,0,-187,-192,-186,-184,-176,-178,-190,-171,-158,-162,-165,-162,-151,-119,-131,-25,-24,-32,-22,-18,-18,-18,-18,-18,-18,-12,-12,-12,-12,-12,-12,-12,-12,-12,-12,-12,-18,-18,-18,-18,-18,-8]} 1. d4 d5 2. c4 c6 3. Nf3 Nf6 4. e3 Bf5 5. Nc3 e6 6. Nh4 Bg6 7. Be2 {D12: Slav Defence: 3 Nf3 Nf6 4 e3 Bf5} Nbd7 8. O-O Bd6 9. g3 {White is slightly better.} dxc4 10. Nxg6 hxg6 11. Bxc4 Qe7 12. Bd2 Rd8 13. Be2 e5 14. Bf3 e4 15. Bg2 O-O 16. f3 exf3 17. Qxf3 Bc7 18. Rad1 Bb6 19. Kh1 Rfe8 20. a3 Nf8 21. b4 Ne6 22. Ne4 {[%cal Re4f6]} Nd5 23. g4 Bc7 24. Qh3 (24. g5 $11) 24... Nf6 $15 25. Nc5 Nxc5 26. bxc5 Ne4 27. Bxe4 Qxe4+ 28. Qf3 Qe6 29. Rde1 Rd5 30. Qg2 (30. Bc3 $15 Rg5 31. e4 Rxg4 32. d5) 30... b6 $17 31. cxb6 axb6 32. Rf2 Bd6 33. Ref1 f6 34. Bc1 b5 35. h3 c5 36. dxc5 (36. Bb2 $17) 36... Bxc5 $19 37. Rc2 Re5 (37... Qe5 $19 {and Black stays clearly on top.} 38. Qh2 Qe7) 38. Bb2 $17 Rd5 (38... Rg5 $17 39. e4 Qxe4 40. Qxe4 Rxe4) 39. Bc1 $1 $19 Kh7 40. e4 Qxe4 41. Qxe4 Rxe4 42. Kg2 f5 43. gxf5 gxf5 44. Rf3 Bd6 45. Rb3 f4 46. Kf3 Re1 (46... Re6 $17 47. h4 Rh6) 47. Rd2 $1 $11 {[%cal Rd2d5]} Rxd2 48. Bxd2 {[%mdl 4096] Endgame KRB-KRB} Ra1 {The position is equal.} 49. Rxb5 Rxa3+ 50. Ke4 Rxh3 51. Rd5 Bb8 {Hoping for ...Rb3.} 52. Rb5 Bc7 53. Rb7 Bd6 54. Rd7 f3 {[#] ...f2 is the strong threat.} 55. Be3 Rh4+ 56. Kxf3 Be5 57. Re7 Bf6 58. Re4 Rxe4 59. Kxe4 g5 {Accuracy: White = 60%, Black = 64%.} 1/2-1/2

[Event "IMSA Rapid Men 2019"]
[Site "Hengshui"]
[Date "2019.05.16"]
[Round "9.2"]
[White "Jones, Gawain C B"]
[Black "Le, Quang Liem"]
[Result "0-1"]
[WhiteElo "2702"]
[BlackElo "2704"]
[Annotator "TA"]
[PlyCount "70"]
[EventDate "2019.05.14"]
[EventType "rapid"]
[EventCountry "CHN"]
[SourceTitle "playchess.com"]
[Source "ChessBase"]
[SourceQuality "1"]

{[%evp 11,80,23,35,16,16,16,25,10,23,8,15,28,28,0,4,0,7,0,13,-24,0,-24,-9,-24,-24,-17,0,-79,-72,-87,-87,-83,-54,-57,-56,-115,-105,-114,-100,-133,-79,-95,-7,-15,-13,0,-15,-90,-114,-498,-485,-470,-487,-479,-487,-679,-646,-1064,-1023,-989,-586,-925,-931,-911,-904,-1160,-1123,-4817,-2622,-29989,-29990]} 1. e4 c5 2. Nf3 Nc6 3. Bb5 g6 4. O-O Bg7 5. Re1 e5 6. Bxc6 dxc6 7. a4 {B31: Sicilian: 2...Nc6 3 Bb5 g6} Nh6 8. d3 Qe7 9. h3 {White has an edge.} O-O 10. Be3 {And now Qd2 would win.} f6 11. c3 Nf7 12. d4 cxd4 13. cxd4 exd4 14. Bxd4 c5 15. Bc3 b6 {[%cal Bb7b6,Bb6b5][%mdl 32]} 16. Qe2 Bb7 17. Nbd2 Rfe8 $36 {[%mdl 2048] Black fights for an advantage.} 18. a5 Bc6 19. b3 {[#]} (19. Qa6 $11) 19... b5 $1 $17 20. Rac1 Rac8 {[%cal Ba8c8,Bc8d8,Bd8d3][%mdl 32]} 21. Bb2 a6 22. Qe3 Bb7 23. Qf4 (23. Nh2 $15) 23... Rcd8 24. Rc2 Rd3 25. h4 Nd8 (25... Red8 $142 26. Re2 Ne5) 26. h5 g5 (26... Ne6 $17 27. Qg4 Qf7) 27. Qf5 $11 Nf7 28. e5 $1 Rd5 {Threatens to win with ...Nh6.} 29. Rcc1 (29. Ne4 $11 {remains equal.}) 29... fxe5 {Strongly threatening ...e4.} 30. Qg4 $2 {[%mdl 8192] [#]} (30. Qc2 $17) 30... Nh6 $1 $19 {[%cal Rh6g4]} 31. Qg3 g4 32. Ne4 gxf3 33. gxf3 Rd3 34. Nxc5 Rxf3 35. Qg2 Rxf2 {Played: Rf3xb3} 0-1

[Event "IMSA Rapid Men 2019"]
[Site "Hengshui"]
[Date "2019.05.16"]
[Round "9.3"]
[White "Fedoseev, Vladimir"]
[Black "Yu, Yangyi"]
[Result "1/2-1/2"]
[WhiteElo "2683"]
[BlackElo "2739"]
[Annotator "TA"]
[PlyCount "126"]
[EventDate "2019.05.14"]
[EventType "rapid"]
[EventCountry "CHN"]
[SourceTitle "playchess.com"]
[Source "ChessBase"]
[SourceQuality "1"]

{[%evp 18,126,14,18,14,2,8,16,12,0,30,31,29,23,30,18,23,17,17,17,18,39,20,0,16,0,54,52,39,17,30,11,12,18,22,16,90,79,99,0,25,-69,-65,-68,0,0,0,0,0,-75,-79,-129,-93,-94,-81,-83,-91,-89,-81,-127,-133,-114,-83,-103,-118,-119,-87,-71,-87,-95,-83,-104,-20,-16,0,0,0,0,0,-20,-8,-8,-8,-8,-8,-8,0,0,0,0,0,0,0,0,0,0,0,0,0,0,0,0,0,0,0,0,0,0,0,0,0]} 1. Nf3 Nf6 2. g3 d5 3. Bg2 e6 4. O-O Be7 5. d4 O-O 6. c4 dxc4 7. Qc2 a6 8. a4 Bd7 9. Qxc4 Bc6 10. Bf4 Bd6 {E05: Open Catalan: 5 Nf3 Be7} 11. Qc1 Nbd7 12. Nc3 Qe7 13. a5 {[#]} Bxf3 $146 ({Predecessor:} 13... h6 14. Re1 Bxf3 15. Bxf3 Bxf4 16. Qxf4 c6 17. Red1 Rfe8 18. Qe3 {1-0 (55) Wojtaszek,R (2737)-Adams,M (2727) Heraklio 2017}) 14. Bxf3 Bxf4 15. Qxf4 c6 16. Qd2 Rad8 17. Qc2 e5 18. d5 e4 19. Nxe4 Nxd5 20. Ra3 N5f6 21. Re3 g6 (21... Nd5 $11 22. Ra3 Nc7) 22. Nxf6+ $14 Qxf6 23. Rb3 Rb8 24. Bg4 Rfd8 25. Rd1 Ne5 26. Bh3 Qe7 (26... Rxd1+ $11 {keeps the balance.} 27. Qxd1 Nc4) 27. Rxd8+ Rxd8 {[#]} 28. Kg2 ({But not} 28. f4 $6 Nd7 $11) (28. Re3 $1 $16) 28... Rd4 29. e3 (29. Re3 $11 Qf6 30. b3) 29... Rd5 $15 30. Qc3 Nd3 ({Black should try} 30... c5 $15 31. Rb6 Rd3) 31. Bg4 $1 $11 Nc5 32. Rb4 Ne4 33. Qc4 {[#]} (33. Rxe4 $1 $11 Qxe4+ {[%mdl 64] Double Attack} 34. Bf3) 33... Nd6 $1 $36 {[%cal Rd6c4][%mdl 2048] White is under strong pressure.} 34. Qf4 Rxa5 35. Rd4 Rd5 36. Rxd5 cxd5 37. Bf3 Ne4 38. h4 h5 39. Bd1 Qf6 40. Qxf6 Nxf6 {[%mdl 4096] Endgame KB-KN} 41. Kf3 Kf8 42. Kf4 Ke7 43. f3 Ke6 44. b4 b6 (44... Nd7 $17 45. Kg5 Ne5) 45. Bb3 $11 {The position is equal.} a5 46. bxa5 bxa5 47. e4 Ke7 48. e5 Nd7 49. Bxd5 a4 50. Ke4 f6 51. f4 fxe5 52. fxe5 Nc5+ 53. Kd4 Ne6+ 54. Ke4 a3 55. Ba2 Ng7 56. Kf4 Ne6+ 57. Ke4 Nc5+ 58. Kd4 Ne6+ 59. Ke4 Kd7 60. Ke3 Nc5 61. Kd4 Ne6+ 62. Ke3 Nd8 63. Kf4 {Threatens to win with Kg5.} Ne6+ {Accuracy: White = 65%, Black = 57%.} 1/2-1/2

[Event "IMSA Rapid Men 2019"]
[Site "Hengshui"]
[Date "2019.05.16"]
[Round "9.4"]
[White "Dominguez Perez, Leinier"]
[Black "Ponomariov, Ruslan"]
[Result "1-0"]
[WhiteElo "2750"]
[BlackElo "2675"]
[Annotator "TA"]
[PlyCount "53"]
[EventDate "2019.05.14"]
[EventType "rapid"]
[EventCountry "CHN"]
[SourceTitle "playchess.com"]
[Source "ChessBase"]
[SourceQuality "1"]

{[%evp 16,53,14,0,7,0,0,0,0,-10,0,0,15,15,14,0,0,0,0,0,5,2,342,334,316,326,636,636,636,636,636,636,636,636,636,628,602,602,594,590]} 1. e4 e6 2. d4 d5 3. Nc3 Nf6 4. e5 Nfd7 5. f4 c5 6. Nf3 Nc6 7. Be3 a6 8. Qd2 Be7 9. Be2 b5 {C11: French: Classical System: 4 e5 and 4 Bg5 dxe4} 10. a3 O-O 11. O-O Bb7 {The position is equal.} 12. Rad1 (12. Nd1 f6 13. c3 Rc8 14. Bd3 Na5 15. Qe2 fxe5 16. fxe5 cxd4 17. cxd4 {1-0 (38) Grischuk,A (2761)-Caruana,F (2808) Paris 2017}) 12... Rc8 13. dxc5 Nxc5 14. Nd4 Qc7 15. Nxc6 {[#]} Qxc6 $146 ({Predecessor:} 15... Bxc6 16. Bd4 g6 17. Qe3 {1-0 (29) Mekhitarian,K (2511)-Drozdovskij,Y (2587) Beijing 2008}) 16. Bd4 Ne4 17. Nxe4 dxe4 18. Qe3 $1 Qxc2 $2 {[%mdl 8192]} (18... a5 $11 {and Black is okay.}) 19. Rc1 $18 Qa4 {[#]} 20. b4 $1 {Hoping for Bd1.} Bd5 $2 (20... Rxc1 21. Rxc1 Rd8) 21. Rxc8 {White is clearly winning.} ({Weaker is} 21. Bd1 Rxc1 22. Bxa4 Rxf1+ 23. Kxf1 bxa4 $16) 21... Rxc8 22. Bd1 Rc2 23. Bxc2 Qxc2 24. Rc1 Qd3 25. Rc8+ Bf8 26. Qxd3 exd3 27. Bc5 {Accuracy: White = 76%, Black = 40%.} 1-0

[Event "IMSA Rapid Men 2019"]
[Site "Hengshui"]
[Date "2019.05.16"]
[Round "9.5"]
[White "Vidit, Santosh Gujrathi"]
[Black "Bu, Xiangzhi"]
[Result "1/2-1/2"]
[WhiteElo "2707"]
[BlackElo "2729"]
[Annotator "TA"]
[PlyCount "92"]
[EventDate "2019.05.14"]
[EventType "rapid"]
[EventCountry "CHN"]
[SourceTitle "playchess.com"]
[Source "ChessBase"]
[SourceQuality "1"]

{[%evp 15,92,20,22,20,24,-1,20,23,29,8,12,8,14,12,10,18,16,11,15,21,45,5,7,6,12,5,12,13,6,0,5,2,4,0,0,0,0,0,0,0,0,0,0,0,0,0,0,0,0,0,0,0,0,-4,-4,-4,0,0,0,0,0,0,0,0,0,0,0,0,0,0,0,0,0,0,0,0,0,0,0]} 1. d4 d5 2. c4 c6 3. Nf3 $146 ({Predecessor:} 3. Nc3 Nf6 4. e3 e6 {½-½ (25) Gelfand,B (2727)-Anand,V (2791) Moscow 2012}) 3... Nf6 4. Nc3 e6 5. e3 a6 6. b3 Bb4 7. Bd2 Nbd7 8. Bd3 O-O 9. O-O {D45: Semi-Slav: 5 e3} Bd6 10. Rc1 e5 (10... b6 {is more complex.} 11. e4 dxc4 12. Bxc4 e5 13. d5 Bb7) 11. cxd5 cxd5 {aiming for ...e4.} 12. e4 (12. Nxe5 {feels hotter.} Nxe5 13. dxe5 Bxe5 14. Ne2 Qe7 15. Bc3) 12... dxe4 13. Nxe4 Nxe4 14. Bxe4 Nf6 15. dxe5 Nxe4 16. exd6 Qxd6 17. Be3 {[#] Hoping for Qxd6.} Bg4 18. Qxd6 Nxd6 {The position is equal.} 19. Ne5 Be6 20. Rfd1 Rfd8 21. Bb6 {[#] h3 is the strong threat.} Rdc8 $1 22. Nd3 Rxc1 23. Rxc1 Rc8 24. Rxc8+ Nxc8 $11 {[%mdl 4096] Endgame KBN-KBN} 25. Be3 f6 26. f3 Kf7 27. Kf2 Ne7 28. Bd2 Nd5 29. Nf4 Nxf4 30. Bxf4 {KB-KB} Ke7 31. Ke3 Kd7 32. Kd4 Kc6 33. Bd2 Bf5 34. a4 Bc2 35. Kc4 b5+ 36. axb5+ axb5+ 37. Kc3 Bd1 38. b4 Kd5 39. Kd3 Bb3 40. Bf4 Bc4+ 41. Ke3 Ke6 42. Kf2 Kf7 43. Bd6 Ke6 44. Bf8 Kf7 45. Bd6 Ke6 46. Bf8 Kf7 {Accuracy: White = 73%, Black = 80%.} 1/2-1/2

[Event "IMSA Rapid Men 2019"]
[Site "Hengshui"]
[Date "2019.05.16"]
[Round "9.6"]
[White "Wang, Hao"]
[Black "Rapport, Richard"]
[Result "1/2-1/2"]
[WhiteElo "2735"]
[BlackElo "2736"]
[Annotator "TA"]
[PlyCount "148"]
[EventDate "2019.05.14"]
[EventType "rapid"]
[EventCountry "CHN"]
[SourceTitle "playchess.com"]
[Source "ChessBase"]
[SourceQuality "1"]

{[%evp 17,148,25,27,24,35,35,43,28,30,0,3,-4,0,-20,0,-27,-23,-57,-23,-29,-2,-39,-18,-45,0,0,0,0,4,4,7,0,0,0,0,-8,0,0,6,6,6,3,7,0,12,5,20,0,0,0,0,0,0,-5,-5,-6,-6,-6,0,0,0,0,0,0,0,0,0,-6,-6,-6,-6,-6,-6,-13,-13,-13,-13,-13,-13,-13,-13,-13,-13,-13,0,-13,-13,-13,-13,-13,-13,-13,-13,-13,-13,-13,-13,-13,-13,-13,-13,-13,-13,-29,-29,-29,-29,-29,-13,-13,-13,-13,-13,-29,-29,-29,-29,-29,-29,-29,-29,-29,-29,-29,-29,-29,-29,-29,-29,-29,0,-29,0]} 1. d4 Nf6 2. c4 e6 3. g3 Bb4+ 4. Bd2 Be7 5. Bg2 O-O 6. Nf3 b6 7. O-O Bb7 8. Nc3 Na6 9. Rc1 Re8 10. Qc2 {E16: Queen's Indian: 4 g3 Bb7 5 Bg2 Bb4+} d5 11. cxd5 Nb4 12. Qb1 {Black must now prevent dxe6.White is slightly better.} (12. Qa4 {looks sharper.} exd5 13. a3 Na6 14. b4 c5 15. bxc5 bxc5 16. e3) 12... Nbxd5 13. Rfd1 Nxc3 14. Bxc3 Be4 $36 {[%mdl 2048] Black has good play.} 15. Qa1 Qd5 16. Be1 Rac8 17. Nh4 Bxg2 18. Nxg2 Qe4 19. Nf4 c5 20. dxc5 Bxc5 (20... g5 $5 {[%cal Rg5f4]} 21. Nd3 Qxe2 $15) 21. Qb1 Qb7 22. Nd3 Bd6 23. Rxc8 Rxc8 24. Rc1 h5 25. Rxc8+ Qxc8 26. Qc1 Qb7 27. Qg5 Qd5 28. Qxd5 Nxd5 $11 {[%mdl 4096] Endgame KBN-KBN} 29. e4 Ne7 30. Bc3 Nc6 31. f4 f5 32. exf5 exf5 33. Kf2 Kf7 34. Ke3 g6 35. Be5 Be7 36. b3 Ke6 37. Bc3 Bd6 38. Ne1 Kd5 39. Nf3 Be7 40. Kd3 a6 41. a4 b5 42. axb5 (42. Bd2 {seems wilder.} bxa4 43. bxa4 Bf6 44. Bc3 Be7 45. Bd2) 42... axb5 43. Nd4 Nxd4 44. Bxd4 {KB-KB} h4 45. gxh4 Bxh4 46. Be3 Bf6 47. Bf2 Be7 48. Bd4 Ba3 49. Ba7 Bb2 50. Be3 Ba3 51. Ba7 Bd6 52. Be3 Bc7 53. Bd2 Kc5 54. Ke3 Bd8 55. Kd3 Bf6 56. Ba5 Bg7 57. Bc3 Bf8 58. Ba5 Bd6 59. Ke3 Kd5 60. Bc3 Bc5+ 61. Kd3 Bg1 62. h3 Kc5 63. Ba5 Bf2 64. Bc3 Bh4 65. Ba5 Bf6 66. Bc3 Bd8 67. Bd2 Bc7 68. Ke3 Bd6 69. Kd3 Kd5 70. Ke3 Ba3 71. Kd3 Bb2 72. Ke3 Bd4+ 73. Kd3 Bb2 74. Ke3 Bd4+ {Accuracy: White = 59%, Black = 70%.} 1/2-1/2

[Event "IMSA Rapid Men 2019"]
[Site "Hengshui"]
[Date "2019.05.16"]
[Round "9.7"]
[White "Leko, Peter"]
[Black "Cheparinov, Ivan"]
[Result "1/2-1/2"]
[WhiteElo "2674"]
[BlackElo "2667"]
[Annotator "TA"]
[PlyCount "85"]
[EventDate "2019.05.14"]
[EventType "rapid"]
[EventCountry "CHN"]
[SourceTitle "playchess.com"]
[Source "ChessBase"]
[SourceQuality "1"]

{[%evp 14,85,16,0,18,0,15,14,20,16,16,15,19,14,26,19,28,14,29,16,51,48,60,31,36,35,57,15,14,14,8,8,14,0,0,0,0,-17,6,8,10,10,12,12,12,13,14,20,17,17,20,0,0,0,0,0,0,0,0,0,0,0,0,0,0,0,0,0,0,0,0,0,0,0]} 1. e4 c5 2. Nf3 d6 3. Bb5+ Nd7 4. d4 cxd4 5. Qxd4 a6 6. Bxd7+ Bxd7 7. O-O e5 8. Qd3 Rc8 {Black wants to play ...Bb5. B51: Sicilian: Moscow Variation (3 Bb5+) without 3...Bd7} 9. Nc3 h6 10. Nd2 Qc7 11. Rd1 Nf6 12. Nf1 Be7 13. Ne3 Be6 14. Bd2 O-O 15. a4 {[%cal Ba2a4,Ba4a5][%mdl 32]} Rfd8 16. Be1 g6 17. a5 Bc4 18. Nxc4 Qxc4 19. f3 d5 20. exd5 Bc5+ {The position is equal.} 21. Kh1 Bd4 22. h3 Rd7 ({Wrong is} 22... Nxd5 $2 23. Qxc4 Rxc4 24. Nxd5 $18) 23. Ra3 Qxd3 ({Much weaker is} 23... Nxd5 $6 24. Qxc4 Rxc4 25. Nxd5 $16) 24. Rxd3 Rc5 ({But not} 24... Nxd5 25. Nxd5 Rxd5 26. c3 $16) 25. b4 (25. Ra1 {looks sharper.} Nh5 26. Bd2 Rxa5 27. Rd1 Rc5 28. Bxh6 b5 29. Kh2) 25... Bxc3 (25... Rc4 {is interesting.} 26. b5 Kg7 27. Ra2 g5 28. bxa6 bxa6 29. Bd2 Ba7) 26. Raxc3 Rxc3 27. Bxc3 Rxd5 28. Rxd5 Nxd5 $11 {[%mdl 4096] Endgame KB-KN} 29. Bd2 h5 30. Kg1 f6 31. Kf2 Kf7 32. g4 hxg4 33. hxg4 Ke6 34. c4 Nc7 35. Ke3 Ne8 36. Kd3 Nd6 37. Be3 f5 38. gxf5+ gxf5 39. Bc5 Ne8 40. Be3 Nd6 41. Bc5 Ne8 42. Be3 Nd6 43. Bc5 {Accuracy: White = 67%, Black = 73%.} 1/2-1/2

[Event "IMSA Rapid Men 2019"]
[Site "Hengshui"]
[Date "2019.05.16"]
[Round "9.8"]
[White "Mamedov, Rauf"]
[Black "Andreikin, Dmitry"]
[Result "1/2-1/2"]
[WhiteElo "2650"]
[BlackElo "2722"]
[Annotator "TA"]
[PlyCount "106"]
[EventDate "2019.05.14"]
[EventType "rapid"]
[EventCountry "CHN"]
[SourceTitle "playchess.com"]
[Source "ChessBase"]
[SourceQuality "1"]

{[%evp 9,106,3,4,12,13,9,8,3,3,0,0,0,8,12,10,7,0,0,0,0,0,-17,-11,-25,-1,-21,23,-12,-13,-6,-18,-8,0,0,0,-44,-19,-34,0,0,0,0,0,0,0,0,11,6,48,0,0,0,0,-31,-33,-20,0,-17,0,0,13,13,15,18,47,43,145,0,0,0,0,0,8,-1,-1,-1,-1,-1,-1,-1,0,0,0,0,0,0,0,0,0,-2,0,0,0,0,0,-8,-8,-8,-8]} 1. e4 c6 2. d4 d5 3. e5 c5 4. dxc5 e6 5. a3 Bxc5 6. Nf3 {B12: Caro-Kann: Advance Variation} Ne7 7. Bd3 Ng6 8. O-O Qc7 9. b4 Be7 10. Bb2 a5 11. Nc3 O-O 12. Nb5 Qd8 13. bxa5 Nc6 {[%cal Bb8c6,Bc6a5,Ba5c4][%mdl 32]} 14. Qd2 Nxa5 15. a4 Bd7 16. Rfd1 Bc6 17. Qe3 Qb8 18. Nd6 Nc4 19. Bxc4 dxc4 20. a5 Qc7 21. Bc3 Rfd8 22. Bd4 {[#] And now Bb6 would win.} Bxd6 ({Inferior is} 22... Rxa5 23. Bb6 $16) 23. Bb6 Bc5 24. Qxc5 Rxd1+ 25. Rxd1 Qe7 26. Qxe7 Nxe7 27. Nd4 Bd5 28. Nb5 Bc6 29. Nd4 (29. Nd6 {looks sharper.} g5 30. f3 c3 31. Nxb7 Bxb7 32. Rd7) 29... Be8 30. f4 h5 31. f5 exf5 32. e6 f4 33. exf7+ Kxf7 34. Nf3 Nc6 35. Rd5 Ke6 36. Rc5 Bg6 37. Rxc4 Nxa5 {[#]} (37... Ne5 $14 38. Rc7 Nxf3+ 39. gxf3 Rd8) 38. Rxf4 ({Worse is} 38. Ra4 Ra6 $11) (38. Nd4+ $1 $16 Kf6 39. Ra4) 38... Nc6 $11 {The position is equal.} 39. c3 Ra2 40. h3 Bd3 41. Nd4+ Nxd4 42. Bxd4 {[%mdl 4096] Endgame KRB-KRB} g6 43. Rf2 Rxf2 44. Kxf2 {KB-KB} Be4 45. Bb6 Bc6 46. h4 Kf5 47. g3 g5 48. hxg5 Kxg5 49. Be3+ Kg4 50. Bd4 h4 51. gxh4 Kxh4 52. c4 b5 53. cxb5 Bxb5 {Accuracy: White = 70%, Black = 46%.} 1/2-1/2

[Event "IMSA Rapid Men 2019"]
[Site "Hengshui"]
[Date "2019.05.16"]
[Round "10.1"]
[White "Rapport, Richard"]
[Black "Korobov, Anton"]
[Result "0-1"]
[WhiteElo "2736"]
[BlackElo "2687"]
[Annotator "TA"]
[PlyCount "122"]
[EventDate "2019.05.14"]
[EventType "rapid"]
[EventCountry "CHN"]
[SourceTitle "playchess.com"]
[Source "ChessBase"]
[SourceQuality "1"]

{[%evp 9,122,-20,-11,-12,-13,-25,-20,-14,-13,-29,17,2,0,-18,-16,-104,-99,-90,-99,-114,-112,-116,-117,-135,-133,-131,-131,-136,-89,-87,-87,-87,-87,-86,-76,-75,-75,-85,-77,-80,-87,-77,-82,-82,-78,-77,-78,-80,-70,-58,-56,-54,-43,-52,-52,-52,-45,-62,-54,-91,-61,-91,-91,-123,-123,-140,-128,-128,-128,-128,-128,-128,-128,-128,-128,-126,-123,-116,-116,-149,-140,-177,-177,-187,-191,-289,-284,-287,-281,-283,-273,-282,-259,-302,-313,-495,-486,-600,-583,-566,-525,-654,-512,-701,-688,-1268,-1240,-1119,-1081,-29979,-29981,-29980,-29976,-29982,-29983]} 1. e4 c5 2. Na3 {[%cal Bb1a3,Ba3c4,Bc4e5][%mdl 32]} (2. Nf3 Nc6 3. d4 cxd4 4. Nxd4 Nf6 5. Nc3 e5 6. Ndb5 d6 7. Nd5 Nxd5 8. exd5 Ne7 9. c4 Ng6 10. Qa4 Bd7 11. Qb4 Bf5 12. h4 h5 13. Bg5 Qb8 14. Qa4 Bd7 15. Qc2 Bxb5 16. cxb5 Be7 17. Bd3 Nf8 18. b6 Nd7 19. bxa7 Qxa7 {½-½ (71) Caruana,F (2819)-Carlsen,M (2845) Karlsruhe/Baden Baden 2019}) 2... Nc6 3. Bb5 Qc7 4. d3 Nf6 5. f4 a6 6. Bxc6 $1 {B31: Sicilian: 2...Nc6 3 Bb5 g6} Qxc6 7. Nc4 $146 ({Predecessor:} 7. Nf3 b5 8. c4 d6 9. b3 e6 {1-0 (40) Leon,J (2265)-Pichot,A (2300) Buenos Aires 2012}) 7... d5 8. Ne5 {The position is equal.} Qc7 9. Ngf3 h6 10. O-O e6 11. Qe1 Be7 12. f5 (12. Bd2 $11) 12... dxe4 $17 13. dxe4 O-O ({Much weaker is} 13... exf5 14. Bf4 $11) 14. Bf4 {Ng6 is the strong threat.} Bd6 15. Rd1 exf5 16. Rxd6 Qxd6 17. Ng6 Qd8 18. Nxf8 Qxf8 19. exf5 Bxf5 20. Bxh6 Re8 21. Qh4 Bxc2 {[#]} 22. Qxf6 $1 {[%mdl 512]} gxf6 23. Bxf8 Kxf8 {[%mdl 4096] Endgame KRB-KRN} 24. Kf2 c4 25. Re1 Rd8 26. Rc1 Bd3 27. Ne1 Bg6 28. Nf3 b5 29. b3 cxb3 30. axb3 a5 31. Ra1 Rd3 32. Rxa5 Rxb3 33. Nd4 Rb2+ 34. Ke3 b4 35. Rb5 Rxg2 36. Rxb4 Rxh2 37. Ne2 Rh3+ 38. Kf2 Kg7 39. Nf4 Ra3 40. Rb6 Ra5 41. Kf3 Re5 42. Rd6 Bc2 43. Kg3 Bb3 44. Rd2 Be6 45. Rf2 Rg5+ 46. Kf3 Bg4+ 47. Ke3 (47. Kg3 $142) 47... Re5+ $19 48. Kd4 Re8 49. Nd5 f5 50. Ra2 Bf3 {Hoping for ...Rd8.} 51. Nc3 Kf6 52. Ra6+ (52. Rf2 $142 Bc6 53. Rf1) 52... Re6 53. Ra7 f4 54. Kd3 Rd6+ 55. Kc4 Bg2 56. Ra2 Bb7 57. Ra7 Rd7 58. Ra1 f3 59. Nd1 {[#]} Rxd1 $1 {[%mdl 64] Promotion. Black mates.} 60. Rxd1 Ba6+ 61. Kd4 f2 {Accuracy: White = 42%, Black = 87%.} 0-1

[Event "IMSA Rapid Men 2019"]
[Site "Hengshui"]
[Date "2019.05.16"]
[Round "10.2"]
[White "Cheparinov, Ivan"]
[Black "Le, Quang Liem"]
[Result "1/2-1/2"]
[WhiteElo "2667"]
[BlackElo "2704"]
[Annotator "TA"]
[PlyCount "87"]
[EventDate "2019.05.14"]
[EventType "rapid"]
[EventCountry "CHN"]
[SourceTitle "playchess.com"]
[Source "ChessBase"]
[SourceQuality "1"]

{[%evp 23,87,18,26,16,19,18,19,19,19,16,18,14,20,16,35,37,32,5,27,20,33,22,38,34,55,33,26,12,19,20,20,14,30,31,33,39,42,42,42,21,20,10,10,0,0,-7,7,7,7,7,7,7,7,7,7,7,7,7,7,7,7,0,7,0,7,0]} 1. d4 $146 ({Predecessor:} 1. Nf3 d5 2. g3 c5 3. Bg2 Nc6 4. d4 Nf6 5. O-O e6 6. c4 {1-0 (85) Howell,D (2689)-Harikrishna,P (2733) Porto Carras 2018}) 1... Nf6 2. c4 e6 3. Nf3 d5 4. g3 dxc4 5. Bg2 c5 6. O-O Nc6 7. dxc5 Qxd1 8. Rxd1 Bxc5 9. Nbd2 c3 10. bxc3 O-O 11. Nb3 Be7 12. c4 Bd7 13. Bb2 {E04: Open Catalan: 5 Nf3} Rfd8 14. Nfd4 Rac8 15. Nb5 b6 16. Nd6 Bxd6 17. Rxd6 Be8 18. Rd3 Nb4 19. Rxd8 Rxd8 20. Bc3 Nc6 21. Rc1 h6 22. Kf1 Ng4 23. Ke1 Rc8 24. h3 Nf6 25. Nd2 Nb8 26. Bxf6 gxf6 27. Ne4 Kf8 28. Nxf6 Bb5 29. c5 Rxc5 30. Rxc5 bxc5 $14 {[%mdl 4096] Endgame KBN-KBN} 31. Bb7 Nd7 {The position is equal.} 32. Nxd7+ Bxd7 $11 {KB-KB} 33. f4 e5 34. h4 exf4 35. gxf4 Ke7 36. e4 f6 37. Kd2 Kd6 38. Kc3 Bb5 39. Bc8 Be2 40. a3 Bb5 41. Bb7 Be2 42. Bc8 Bb5 43. Bb7 Be2 44. Bc8 {Accuracy: White = 65%, Black = 68%.} 1/2-1/2